Gender and development : critical concepts in development studies (Record no. 264756)

MARC details
000 -LEADER
fixed length control field 00802nam a2200229Ia 4500
008 - FIXED-LENGTH DATA ELEMENTS--GENERAL INFORMATION
fixed length control field 191130s2008##################000#0#eng##
020 ## - INTERNATIONAL STANDARD BOOK NUMBER
ISBN 9780415422727
082 ## - DEWEY DECIMAL CLASSIFICATION NUMBER
Classification number HQ1240.5.D44 G457 2008 306.3/615091724
245 ## - TITLE STATEMENT
Title Gender and development : critical concepts in development studies
Statement of responsibility, etc edited by Janet D. Momsen
260 ## - PUBLICATION, DISTRIBUTION, ETC. (IMPRINT)
Place of publication New York ; London
Name of publisher Routledge
Year of publication 2008
300 ## - PHYSICAL DESCRIPTION
Number of Pages 4 v. : ill., maps ; 24 cm
500 ## - GENERAL NOTE
General note Includes bibliographical references
650 ## - SUBJECT ADDED ENTRY--TOPICAL TERM
Topical Term Sexual division of labor - Developing countries
Topical Term Women - Developing countries
Topical Term Women in development - Developing countries
700 ## - ADDED ENTRY--PERSONAL NAME
Personal name Momsen, Janet Henshall
991 ## -
-- 218867

No items available.

Find us on the map